[Event "Voronezh op-A 14th"]
[Site "Voronezh"]
[Date "2010.06.21"]
[Round "9"]
[White "Nikolaeva, Alexandra"]
[Black "Tarasova, Viktoriya"]
[Result "0-1"]
[WhiteElo "2208"]
[BlackElo "2292"]
[PlyCount "48"]
[EventDate "2010.06.12"]
[EventType "swiss"]
[EventRounds "9"]
[EventCountry "RUS"]
[SourceTitle "CBM 137 Extra"]
[Source "ChessBase"]
[SourceDate "2010.09.01"]
[SourceVersion "1"]
[SourceVersionDate "2010.09.01"]
[SourceQuality "1"]

1. d4 d5 2. c4 c6 3. Nf3 Nf6 4. Nc3 dxc4 5. a4 Bf5 6. Nh4 e6 7. Nxf5 exf5 8. e3 Bb4 9. Bxc4 0-0 10. 0-0 Nbd7 11. Qc2 g6 12. b3 Nb6 13. Bb2 Nbd5 14. Rad1 Re8 15. Ne2 Bd6 16. g3 h5 17. Nc1 h4 18. Be2 Ne4 19. Bf3 hxg3 20. hxg3 Qg5 21. Nd3 Nxg3 22. fxg3 Nxe3 23. Qd2 Qxg3+ 24. Bg2 Qh2+ 0-1

[Event "Voronezh op-A 14th"]
[Site "Voronezh"]
[Date "2010.06.18"]
[Round "6"]
[White "Gubaydulin, Talgat"]
[Black "Nikolaeva, Alexandra"]
[Result "1-0"]
[WhiteElo "2298"]
[BlackElo "2208"]
[PlyCount "63"]
[EventDate "2010.06.12"]
[EventType "swiss"]
[EventRounds "9"]
[EventCountry "RUS"]
[SourceTitle "CBM 137 Extra"]
[Source "ChessBase"]
[SourceDate "2010.09.01"]
[SourceVersion "1"]
[SourceVersionDate "2010.09.01"]
[SourceQuality "1"]

1. Nf3 e6 2. c4 c5 3. Nc3 Nf6 4. g3 b6 5. Bg2 Bb7 6. 0-0 a6 7. d4 cxd4 8. Qxd4 Nc6 9. Qf4 Be7 10. Rd1 0-0 11. b3 Rb8 12. Bb2 Ba8 13. Rac1 b5 14. Nd5 bxc4 15. Nxe7+ Qxe7 16. Qxc4 a5 17. Ne5 Nb4 18. a3 Nbd5 19. Qc2 Nb6 20. Bh3 d5 21. Qc7 Qxc7 22. Rxc7 Na4 23. Bd4 Rxb3 24. Nxf7 Ne8 25. Nh6+ Kh8 26. Nf7+ Kg8 27. Nh6+ Kh8 28. Rdc1 Nf6 29. Nf7+ Kg8 30. Bxe6 Re8 31. Ng5+ Rxe6 32. Nxe6 1-0

[Event "Voronezh op-A 14th"]
[Site "Voronezh"]
[Date "2010.06.16"]
[Round "5"]
[White "Nikolaeva, Alexandra"]
[Black "Revo, Tatiana"]
[Result "1-0"]
[WhiteElo "2208"]
[BlackElo "1978"]
[PlyCount "117"]
[EventDate "2010.06.12"]
[EventType "swiss"]
[EventRounds "9"]
[EventCountry "RUS"]
[SourceTitle "CBM 137 Extra"]
[Source "ChessBase"]
[SourceDate "2010.09.01"]
[SourceVersion "1"]
[SourceVersionDate "2010.09.01"]
[SourceQuality "1"]

1. d4 Nf6 2. c4 g6 3. Nc3 Bg7 4. e4 d6 5. Bd3 0-0 6. Nge2 Nc6 7. f3 Nd7 8. Be3 e5 9. d5 Nd4 10. Nb5 Nxe2 11. Qxe2 a6 12. Nc3 f5 13. exf5 gxf5 14. Qd2 Nc5 15. Bc2 Rb8 16. Bg5 Qe8 17. Bh6 b5 18. Bxg7 Kxg7 19. cxb5 axb5 20. b4 Na4 21. 0-0 Bd7 22. f4 Qg6 23. Nxa4 bxa4 24. Qc3 Kh8 25. Rae1 Qg7 26. Rf3 e4 27. Qxg7+ Kxg7 28. Rg3+ Kf6 29. a3 c6 30. Bxa4 Rb6 31. Rd1 Rd8 32. Rh3 cxd5 33. Bb3 Bc6 34. Bxd5 Bxd5 35. Rxd5 Ke6 36. Rd2 Ra6 37. Rh6+ Kf7 38. Rxh7+ Kg6 39. Rh3 d5 40. Rb3 d4 41. Kf1 Rc6 42. Rb1 e3 43. Rd3 Rc2 44. b5 Rf2+ 45. Kg1 Rc8 46. Rf1 Rb2 47. Rxd4 Rcc2 48. Kh1 e2 49. Re1 Rd2 50. Rxd2 Rxd2 51. Kg1 Ra2 52. Kf2 Rxa3 53. Rxe2 Rb3 54. Re5 Rb2+ 55. Kg3 Rb3+ 56. Kh4 Rb4 57. g3 Rb2 58. h3 Rb4 59. Rc5 1-0

[Event "Uljanovsk Privolje op"]
[Site "Uljanovsk"]
[Date "2009.02.04"]
[Round "8"]
[White "Paushkin, Nikita"]
[Black "Nikolaeva, Alexandra"]
[Result "0-1"]
[WhiteElo "2102"]
[BlackElo "2199"]
[PlyCount "84"]
[EventDate "2009.01.31"]
[EventType "swiss"]
[EventRounds "9"]
[EventCountry "RUS"]
[SourceTitle "EXT 2022"]
[Source "ChessBase"]
[SourceDate "2021.10.06"]
[SourceVersion "1"]
[SourceVersionDate "2021.10.06"]
[SourceQuality "1"]

1. e4 e6 2. d4 d5 3. Nc3 Bb4 4. Qd3 dxe4 5. Qxe4 Nf6 6. Qh4 c5 7. dxc5 Bxc3+ 8. bxc3 Qc7 9. Nf3 Qxc5 10. Bd2 b6 11. Be2 Bb7 12. 0-0 Nbd7 13. Nd4 0-0 14. Rab1 a6 15. c4 Ne4 16. Be3 Qc7 17. f3 Nec5 18. c3 f5 19. Qh3 Rae8 20. Rfd1 f4 21. Bf2 Ne5 22. Re1 Bc8 23. Qh5 Ned3 24. Nb3 g6 25. Qh4 Nxe1 26. Rxe1 e5 27. Kh1 Bf5 28. Bg1 Na4 29. c5 bxc5 30. Bxa6 c4 31. Nd2 Bd3 32. Ne4 Qc6 33. Ng5 h5 34. g4 fxg3 35. hxg3 Qxa6 36. g4 Qc6 37. gxh5 Rxf3 38. Kh2 Rf4 39. Qg3 Bf5 40. Re2 Rg4 41. Qe3 Qf6 42. Nf3 Be4 0-1

[Event "Moscow op-B 04th"]
[Site "Moscow"]
[Date "2008.02.08"]
[Round "7"]
[White "Nikolaeva, Alexandra"]
[Black "Badalian, Armen"]
[Result "1/2-1/2"]
[WhiteElo "2201"]
[BlackElo "2101"]
[PlyCount "155"]
[EventDate "2008.02.02"]
[EventType "swiss"]
[EventRounds "9"]
[EventCountry "RUS"]
[SourceTitle "CBM 122 Extra"]
[Source "ChessBase"]
[SourceDate "2008.03.04"]
[SourceVersion "1"]
[SourceVersionDate "2008.03.04"]
[SourceQuality "1"]

1. d4 Nf6 2. c4 e6 3. Nc3 Bb4 4. a3 Bxc3+ 5. bxc3 c5 6. e3 Nc6 7. Bd3 d6 8. Ne2 0-0 9. 0-0 e5 10. dxc5 dxc5 11. e4 Be6 12. Ng3 Qe7 13. Qe2 Rfd8 14. Rd1 Rd7 15. Nf1 Ne8 16. Ne3 Nd6 17. Nd5 Qf8 18. f4 exf4 19. e5 Ne8 20. Bxf4 Ne7 21. Be4 Rad8 22. Bg5 f6 23. exf6 gxf6 24. Bxh7+ Kxh7 25. Qxe6 Nxd5 26. Rd3 fxg5 27. Rh3+ Kg7 28. Qh6+ Kf7 29. Qh5+ Ke6 30. cxd5+ Kxd5 31. Qxg5+ Kc6 32. Rf1 Qe7 33. Qf4 b6 34. Rhf3 Nd6 35. h4 Qe4 36. Qg5 Rh8 37. h5 Qh7 38. Rh3 Rg7 39. Qh4 Qe4 40. Qxe4+ Nxe4 41. Rf4 Ng5 42. Rf6+ Kc7 43. Rh4 Nf7 44. Kf2 Rhg8 45. h6 Rxg2+ 46. Kf1 Nxh6 47. Rhxh6 R8g7 48. a4 Ra2 49. Rh4 Ra3 50. Rf3 Kb7 51. Ke2 Ka6 52. Rc4 Ka5 53. Rff4 Rg2+ 54. Kd3 Rga2 55. Rf7 a6 56. Re4 Rxa4 57. Re6 Rb2 58. Rff6 Rh4 59. Rg6 Rh7 60. Ref6 Rh3+ 61. Kc4 Rh4+ 62. Kd5 Rb5 63. Rf2 Ra4 64. c4 Rbb4 65. Rc2 Ra3 66. Kc6 Rab3 67. Kb7 Rb2 68. Rc1 Ra2 69. Rg8 b5 70. cxb5 Kxb5 71. Rg5 Ka4+ 72. Kc6 c4 73. Rg3 Ra3 74. Rgc3 Rxc3 75. Rxc3 a5 76. Kc5 Rb8 77. Kxc4 Rb4+ 78. Kd3 1/2-1/2

[Event "Moscow op-B 04th"]
[Site "Moscow"]
[Date "2008.02.06"]
[Round "5"]
[White "Nikolaeva, Alexandra"]
[Black "Skoriak, Ivan"]
[Result "1-0"]
[WhiteElo "2201"]
[BlackElo "2059"]
[PlyCount "55"]
[EventDate "2008.02.02"]
[EventType "swiss"]
[EventRounds "9"]
[EventCountry "RUS"]
[SourceTitle "CBM 122 Extra"]
[Source "ChessBase"]
[SourceDate "2008.03.04"]
[SourceVersion "1"]
[SourceVersionDate "2008.03.04"]
[SourceQuality "1"]

1. d4 Nf6 2. c4 g6 3. Nc3 Bg7 4. e4 d6 5. Bd3 0-0 6. Nge2 c6 7. f3 Nbd7 8. Bg5 h6 9. Be3 e5 10. d5 cxd5 11. cxd5 a6 12. Qd2 Kh7 13. g4 Rh8 14. h4 Kg8 15. h5 g5 16. Ng3 Nh7 17. Rc1 b5 18. b4 Ndf6 19. a4 bxa4 20. Nxa4 Rb8 21. Bb6 Qe7 22. Bc7 Rb7 23. Bxd6 Qxd6 24. Rxc8+ Nf8 25. Nc5 Ra7 26. Nf5 Qb6 27. Rc6 Qd8 28. Bxa6 1-0

[Event "Moscow op-B 04th"]
[Site "Moscow"]
[Date "2008.02.02"]
[Round "1"]
[White "Nikolaeva, Alexandra"]
[Black "Popov, Evgeny A"]
[Result "1-0"]
[WhiteElo "2201"]
[BlackElo "2140"]
[PlyCount "75"]
[EventDate "2008.02.02"]
[EventType "swiss"]
[EventRounds "9"]
[EventCountry "RUS"]
[SourceTitle "CBM 122 Extra"]
[Source "ChessBase"]
[SourceDate "2008.03.04"]
[SourceVersion "1"]
[SourceVersionDate "2008.03.04"]
[SourceQuality "1"]

1. d4 d5 2. c4 c6 3. Nf3 Nf6 4. Nc3 e6 5. Bg5 h6 6. Bh4 dxc4 7. e4 Be7 8. Bxf6 Bxf6 9. e5 Be7 10. Bxc4 Nd7 11. 0-0 Nb6 12. Bd3 Nd5 13. Nxd5 cxd5 14. Rc1 Bd7 15. Nd2 Qb6 16. Qg4 0-0 17. Nb3 Rac8 18. Bb1 Ba4 19. Rcd1 Bxb3 20. axb3 Qxb3 21. Rd3 Qxb2 22. Rg3 g5 23. h4 Rc1 24. Bd3 Rxf1+ 25. Bxf1 Qb1 26. hxg5 hxg5 27. Rh3 Qg6 28. Bd3 f5 29. exf6 Qxf6 30. Qh5 Qg7 31. Bh7+ Kh8 32. Bf5+ Kg8 33. Bxe6+ Rf7 34. Bxf7+ Kf8 35. Bxd5 b6 36. Qg4 Bf6 37. Qc8+ Ke7 38. Re3+ 1-0

[Event "Soukhumi op"]
[Site "Soukhumi"]
[Date "2007.08.04"]
[Round "2"]
[White "Nikolaeva, Alexandra"]
[Black "Eraschenkov, Denis"]
[Result "1-0"]
[WhiteElo "2201"]
[BlackElo "2400"]
[PlyCount "57"]
[EventDate "2007.08.03"]
[EventType "swiss"]
[EventRounds "9"]
[EventCountry "RUS"]
[SourceTitle "EXT 2009"]
[Source "ChessBase"]
[SourceDate "2008.11.26"]
[SourceVersion "1"]
[SourceVersionDate "2008.11.26"]
[SourceQuality "1"]

1. d4 Nf6 2. c4 g6 3. Nc3 Bg7 4. e4 0-0 5. Bd3 d6 6. Nge2 e5 7. d5 a5 8. f3 Nh5 9. 0-0 Nd7 10. Be3 Nc5 11. Bc2 Bd7 12. Qd2 f5 13. exf5 gxf5 14. f4 Qh4 15. Rf3 Rae8 16. Raf1 exf4 17. Nxf4 Nxf4 18. Bxf4 Qf6 19. Be3 Kh8 20. Qf2 Qe5 21. Qh4 Qxe3+ 22. Rxe3 Rxe3 23. g4 Nd3 24. Kh1 Nxb2 25. gxf5 Bxc3 26. Qh6 Ree8 27. f6 Rf7 28. Bg6 Ref8 29. Bxh7 1-0

[Event "Angarsk (Women) op"]
[Site "Angarsk"]
[Date "2007.03.22"]
[Round "5"]
[White "Khlichkova, Tatiana"]
[Black "Nikolaeva, Alexandra"]
[Result "0-1"]
[WhiteElo "2030"]
[BlackElo "2238"]
[PlyCount "85"]
[EventDate "2007.03.19"]
[EventType "swiss"]
[EventRounds "9"]
[EventCountry "RUS"]
[SourceTitle "EXT 2008"]
[Source "ChessBase"]
[SourceDate "2007.11.25"]
[SourceVersion "1"]
[SourceVersionDate "2007.11.25"]
[SourceQuality "1"]

1. e4 e6 2. d4 d5 3. exd5 exd5 4. c4 Nf6 5. Nc3 Be7 6. Nf3 c6 7. Be2 Na6 8. 0-0 Nc7 9. c5 Bf5 10. b4 Ne4 11. Bb2 a6 12. a4 Bf6 13. Qb3 0-0 14. b5 Bg4 15. b6 Ne6 16. Qd1 Bxf3 17. Bxf3 Bxd4 18. Bxe4 dxe4 19. Qc2 e3 20. fxe3 Bxe3+ 21. Kh1 Bxc5 22. Ne4 Bd4 23. Rad1 Qxb6 24. Bxd4 Nxd4 25. Qf2 c5 26. Nxc5 Qxc5 27. Qxd4 Qxd4 28. Rxd4 Rfd8 29. Rfd1 Rxd4 30. Rxd4 Rc8 31. Kg1 Kf8 32. Rd7 b5 33. axb5 axb5 34. Rb7 Rc1+ 35. Kf2 Rb1 36. h3 g6 37. Ke3 Kg7 38. g4 b4 39. g5 b3 40. Kd2 Rb2+ 41. Kc3 Rh2 42. Kxb3 Rxh3+ 43. Kc4 0-1

[Event "Anapa-B"]
[Site "Anapa"]
[Date "2006.09.??"]
[Round "?"]
[White "Kashlinskaya, Alina"]
[Black "Nikolaeva, Alexandra"]
[Result "1-0"]
[WhiteElo "2080"]
[BlackElo "2229"]
[PlyCount "93"]
[EventDate "2006.09.??"]
[EventType "tourn"]
[EventRounds "11"]
[EventCountry "RUS"]
[SourceTitle "EXT 2010"]
[Source "ChessBase"]
[SourceDate "2010.11.25"]
[SourceVersion "1"]
[SourceVersionDate "2010.11.25"]
[SourceQuality "1"]

1. d4 e6 2. c4 Nf6 3. Nc3 Bb4 4. e3 b6 5. Nge2 Ba6 6. a3 Bxc3+ 7. Nxc3 d5 8. b3 0-0 9. Bd3 Nc6 10. a4 Na5 11. Nb5 c6 12. Na3 Rc8 13. 0-0 dxc4 14. Nxc4 Nxc4 15. bxc4 Re8 16. Bb2 c5 17. Rc1 Bb7 18. f3 Nh5 19. g4 Nf6 20. Bb1 cxd4 21. exd4 Qd6 22. Qd3 Qf4 23. Rce1 Red8 24. d5 Qh6 25. Bc1 Qh3 26. Bg5 Ba6 27. Qe3 Bxc4 28. dxe6 Bxe6 29. Rc1 Rxc1 30. Rxc1 Bd5 31. Rf1 Bc6 32. Bxf6 gxf6 33. Qf4 Qh4 34. Rc1 Bb7 35. Ba2 Re8 36. Qg3 Qg5 37. Rc7 Bd5 38. f4 Qg6 39. Bxd5 Qb1+ 40. Kg2 Re2+ 41. Kh3 Qf1+ 42. Kh4 Rd2 43. Bxf7+ Kh8 44. Rc8+ Kg7 45. Bc4 Rxh2+ 46. Qxh2 Qe1+ 47. Kh5 1-0

[Event "RUS-chT Clubs"]
[Site "Sochi"]
[Date "2005.04.23"]
[Round "5"]
[White "Smirnov, Artem"]
[Black "Nikolaeva, Alexandra"]
[Result "1-0"]
[WhiteElo "2413"]
[BlackElo "2148"]
[PlyCount "79"]
[EventDate "2005.04.19"]
[EventType "team"]
[EventRounds "9"]
[EventCountry "RUS"]
[SourceTitle "EXT 2006"]
[Source "ChessBase"]
[SourceDate "2005.11.24"]
[SourceVersion "1"]
[SourceVersionDate "2005.11.24"]
[SourceQuality "1"]

1. d4 d5 2. c4 dxc4 3. Nf3 Nf6 4. e3 Bg4 5. Bxc4 e6 6. 0-0 a6 7. Nc3 Nc6 8. Be2 Bd6 9. h3 Bh5 10. a3 0-0 11. b4 Bg6 12. b5 axb5 13. Nxb5 Be7 14. Bb2 Nd5 15. Rc1 Qd7 16. Re1 f6 17. Nd2 Na7 18. a4 c6 19. Nc3 Nc8 20. Qb3 Bf7 21. Nce4 Ndb6 22. Ra1 Rd8 23. Red1 e5 24. Qc2 exd4 25. Bxd4 Qc7 26. a5 Nd5 27. Nc4 Bg6 28. Bf3 Qb8 29. Qb2 Bf7 30. Nc5 Bxc5 31. Bxc5 Qc7 32. e4 Nf4 33. Rxd8+ Qxd8 34. Qxb7 Bxc4 35. Qxa8 Ne6 36. Rd1 Qe8 37. Bb6 Kf8 38. e5 Bb5 39. exf6 gxf6 40. Bg4 1-0

[Event "Privolzhskogo FO-ch"]
[Site "Omsk"]
[Date "2004.12.11"]
[Round "1"]
[White "Davydov, Sergey P"]
[Black "Nikolaeva, Alexandra"]
[Result "1/2-1/2"]
[WhiteElo "2249"]
[BlackElo "2133"]
[PlyCount "92"]
[EventDate "2004.12.11"]
[EventType "swiss"]
[EventRounds "5"]
[EventCountry "RUS"]
[SourceTitle "EXT 2006"]
[Source "ChessBase"]
[SourceDate "2005.11.24"]
[SourceVersion "1"]
[SourceVersionDate "2005.11.24"]
[SourceQuality "1"]

1. Nf3 e6 2. c4 Nf6 3. g3 b6 4. Bg2 Bb7 5. d4 Bb4+ 6. Bd2 Bxd2+ 7. Qxd2 d6 8. 0-0 Nbd7 9. Nc3 0-0 10. d5 e5 11. e4 Ne8 12. b4 Ba6 13. Nb5 g6 14. a4 Ng7 15. a5 f5 16. exf5 Rxf5 17. Nh4 Rf7 18. Ra3 Bxb5 19. cxb5 Nf8 20. Bh3 Rb8 21. Qd3 Qe8 22. Re1 Re7 23. Qc4 g5 24. Nf5 Nxf5 25. Bxf5 Qf7 26. Rf3 Qh5 27. Kg2 Rg7 28. Re4 Qe8 29. a6 Kh8 30. h4 gxh4 31. Rxh4 Qe7 32. Rg4 Ng6 33. Bxg6 hxg6 34. Qe4 g5 35. Qe3 Rbg8 36. Rf5 Rg6 37. Qf3 R6g7 38. Rf6 Rh7 39. Qf5 Qg7 40. Kg1 Rh5 41. f4 exf4 42. gxf4 Qe7 43. Re6 Qg7 44. Rf6 Qe7 45. Re6 Qg7 46. Rf6 Qe7 1/2-1/2